Представление документа в формате RUSMARC

ПолеНазваниеЗначение
  Тип записи a
  Библиографический уровень m
001 Контрольный номер RU/SLIB/B/208751851
005 Дата корректировки 20231009124541.6
010 Индекс ISBN __
d Цена 1-10
101 Язык документа 0_
a Язык текста rus
200 Заглавие и сведения об ответственности 1_
a Заглавие Ватто
e Сведения, относящиеся к заглавию альбом
f Первые сведения об ответственности авт.-сост. М. Ю. Герман
b Общее обозначение материала Текст
210 Выходные данные 1_
a Место издания М.
c Издательство Изобраз. искусство
d Дата издания 1984
215 Физическое описание __
a Объем 56 с.
c Иллюстрации/тип воспроизводства ил.
600 Персоналии _1
a Персоналии (Фамилия) Ватто, А.
c Дополнение к имени художник французский
f Даты 1684-1721
g Полное имя Антуан
606 Тематические рубрики __
a Основная рубрика Изобразительное искусство и архитектура
y Географическая подрубрика Франция
606 Тематические рубрики __
a Основная рубрика История живописи
z Хронологическая подрубрика 17 в. кон.
z Хронологическая подрубрика 18 в. нач.
610 Ключевые слова 0_
a Ключевые слова живописцы; рисовальщики; персоналии; картины; художники; история живописи; французская живопись
686 Индексы других классификаций __
a Классификационный индекс 85.143(4Фра)51-8; ст85.143(4Фра)
702 Вторичная интеллектуальная ответственность _1
a Фамилия Герман
b Имя М. Ю.
4 Код отношения Автор-составитель
801 Источник записи _0
a Страна RU
b Организация Муниципальное бюджетное учреждение культуры "Централизованная библиотечная система" г. Сургут (Центральная городская библиотека им. А. С. Пушкина)
g Правила каталогизации КиК/Михайлова
801 Источник записи _1
a Страна RU
b Организация Муниципальное бюджетное учреждение культуры "Централизованная библиотечная система" г. Сургут (Центральная городская библиотека им. А. С. Пушкина)
g Правила каталогизации КиК/Михайлова
852 Данные о местонахождении __
j Шифр хранения 85.143(4Фра)51-8
c Каталожный индекс 85.143(4Фра)-8
i Авторский знак В 21
p Инвентарный номер 19737
901 Тип документа __
t Тип документа m
969 Тип издания __
a Тип издания альбом
990 Данные о заказе (DOS) __
j Количество экземпляров (DOS) 4
t N записи в КСУ для И/У (DOS) 199101